| 000 -LEADER |
| fixed length control field |
00686nam a2200229Ia 4500 |
| 001 - CONTROL NUMBER |
| control field |
16187 |
| 003 - CONTROL NUMBER IDENTIFIER |
| control field |
GE_BSU |
| 005 - DATE AND TIME OF LATEST TRANSACTION |
| control field |
20221129104000.0 |
| 008 - FIXED-LENGTH DATA ELEMENTS--GENERAL INFORMATION |
| fixed length control field |
181216s2008||||enk|||||||||||||| ||eng|| |
| 020 ## - INTERNATIONAL STANDARD BOOK NUMBER |
| International Standard Book Number |
9780061438295x |
| 040 ## - CATALOGING SOURCE |
| Transcribing agency |
GE_BSU |
| 041 ## - LANGUAGE CODE |
| Language code of text/sound track or separate title |
eng |
| 080 ## - UNIVERSAL DECIMAL CLASSIFICATION NUMBER |
| Universal Decimal Classification number |
153.6/9 N-31 |
| 100 ## - MAIN ENTRY--PERSONAL NAME |
| Personal name |
Navarro, Joe |
| 9 (RLIN) |
16186 |
| 245 ## - TITLE STATEMENT |
| Title |
What Every Body is Saying: |
| Remainder of title |
An Ex-FBI Agent's Guide to Speed-Reading People / |
| Statement of responsibility, etc. |
Navarro Joe, Karlins Marvin. |
| 250 ## - EDITION STATEMENT |
| Edition statement |
first edition |
| 264 ## - PRODUCTION, PUBLICATION, DISTRIBUTION, MANUFACTURE, AND COPYRIGHT NOTICE |
| Place of production, publication, distribution, manufacture |
New York : |
| Name of producer, publisher, distributor, manufacturer |
Collins Publishers, |
| Date of production, publication, distribution, manufacture, or copyright notice |
2008. |
| 300 ## - PHYSICAL DESCRIPTION |
| Extent |
250 p.; |
| Other physical details |
24 cm. |
| 653 ## - INDEX TERM--UNCONTROLLED |
| keyword |
ფსიქოლოგია |
| 700 ## - ADDED ENTRY--PERSONAL NAME |
| Personal name |
Marvin, Karlins |
| Relator term |
ავტორი |
| 9 (RLIN) |
16187 |
| 942 ## - ADDED ENTRY ELEMENTS (KOHA) |
| Koha item type |
წიგნი |
| Source of classification or shelving scheme |
|